| 000 | 01022nam a22002417a 4500 | ||
|---|---|---|---|
| 003 | OSt | ||
| 005 | 20260511084825.0 | ||
| 008 | 260212b |||||||| |||| 00| 0 eng d | ||
| 020 | _a9780723294528 | ||
| 040 | _aKenya National Library Service | ||
| 082 | _a398.20943 SOU | ||
| 100 |
_aSouthgate, Vera, _eauthor. |
||
| 245 |
_aSnow White and Rose Red / _cretold by Vera Southgate ; illustrated by Yunhee Park. |
||
| 300 |
_a42 pages : _b illustrations (colour) ; _c18 cm. |
||
| 490 | _aLadybird Tales series. | ||
| 520 | _aA retelling of the classic Grimm fairy tale in which two kind sisters encounter a grumpy dwarf, magical transformations, and a prince under a spell, ultimately discovering courage, kindness, and reward through their good deeds. | ||
| 650 |
_aFairy tales _vJuvenile fiction. |
||
| 650 | _aChildren's stories. | ||
| 700 |
_aPark, Yunhee, _eillustrator. |
||
| 942 |
_2ddc _cBK _n0 |
||
| 999 |
_c492635 _d492635 |
||